00384nas a22001577i 45000010005000000030004000050050017000090070003000260080041000290240014000700400008000841100079000922450019001712600012001903620024002022480OSt20180810124549.0tu161220s19941996xxu||||| |||| 00| 0 d7 a24792RID cOSt2 aUniversity Council for Economic and Management Education Transfer (UCEMET) aWorking Papers aKrakow. a1.1994 - 21.1996[?]